00732 2200229 4500001002100000005001500021035002000036007000300056008004100059020002200100082000800122084001200130245014700142250001000289260004300299300002900342650003800371700001400409711005700423990001100480990001100491INLIS00000000000634820210216020537 a0010-0221000112ta210216 g 0 ind  a978-602-478-840-7 a810 a810 MER aMerdeka! :bDulu, Kini, dan Nanti (Antologi Puisi, Cerpen, dan Esai) /cAlumni Kelas Sugusabu Angkatan I Kota Pangkalpinang; editor, Istiqomah acet.1 aSurabaya :bCipta Media Edukasi,c2018 aviii, 190 hal. ;c21 cm. 4aKESUSASTRAAN INDONESIA - KUMPULAN0 aISTIQOMAH0 aALUMNI, Kelas Sugusabu Angkatan I Kota Pangkalpinang a7823 a a7823 b